Na festivale bodoval aj slovenský film Územie duchov

Bibliographic Details
Format: Article
Language:Slovak
PhysicalDescription:Fotogr.
Subjects:
Online Access:www.vysoketatry.sk

MARC

LEADER 00000nab a2200000 ar4500
001 vtls008996367
003 SK-MaSNL
005 20260303065741.0
008 070606c2007 xo er|p|||||||000 b|slo
038 |a PPPK 
040 |a PPPKCL  |b slo  |c PPPKCL  |e AACR2 
041 0 |a slo 
044 |a xo  |c SK 
080 |a 791.43.079  |x (23.0)  |2 1997 
245 0 0 |a Na festivale bodoval aj slovenský film Územie duchov  |c [autor] (td-kim) 
300 |b Fotogr. 
611 2 7 |a Medzinárodný festival horských filmov  |n (14. :  |d 2006 :  |c Poprad, Slovensko)  |2 pppkcl  |9 1042570 
630 0 7 |a Územie duchov (film)  |2 snkbucl  |9 1066227 
650 0 7 |a horské filmy  |2 pppkcl  |9 74357 
651 7 |a Poprad (Slovensko)  |2 pppkcl  |9 20155 
773 0 |t Tatranský dvojtýždenník  |g Roč. XVII, č. 21 (2006), s. 12 
852 |a PPPK  |b KIS3GCP 
856 |u www.vysoketatry.sk 
999 |c 1752512  |d 1754442